Budoucnost kolových vozidel US Army nastíněna

Bibliographic Details
Main Author: Odehnal, Zdeněk (Author)
Format: Article
Language:Czech
Slovak
PhysicalDescription:Fotogr.
ISSN:1802-4823
Subjects:
Online Access:http://www.atmonline.cz

MARC

LEADER 00000nab a2200000 a 4500
001 vtls010281023
003 SK-MaSNL
005 20260304052107.0
008 110525 2011 xo m | 000 0 cze
015 |a SNBRB2011/05  |2 lmaosk 
040 |a LMAOSK  |b slo  |c LMAOSK  |e AACR2 
041 0 |a cze  |a slo 
044 |a xo  |c SK 
080 |a 623.1/.7  |2 2001 
100 1 |a Odehnal, Zdeněk  |4 aut  |9 630832 
245 1 0 |a Budoucnost kolových vozidel US Army nastíněna  |c Zdeněk Odehnal 
300 |b Fotogr. 
500 |a Dokončenie 
650 0 7 |a Pozemná vojenská technika. Delostrelectvo  |2 lmaosk  |9 1099664 
650 0 7 |a vojenská automobilová technika  |2 lmaosk  |9 1267672 
650 0 7 |a americká armáda  |x pozemná technika  |2 lmaosk  |9 1320649 
650 0 7 |a vojenská kolesová technika  |2 lmaosk  |9 1335006 
651 7 |a Spojené štáty americké  |2 lmaosk  |9 18262 
773 0 |t ATM  |g Roč. 43, č. 3 (2011), s. 22-25  |x 1802-4823 
852 |a LMAOSK  |b KIS3GCP 
856 4 1 |u http://www.atmonline.cz 
958 |a NB 
958 |a US 
999 |c 2706376  |d 2708306